Canadian journal of agricultural economics

Guardado en:
Detalles Bibliográficos
Formato: Seriadas
Lenguaje:inglés
Publicado: Ottawa Canadian Agricultural Economics Society
Etiquetas: Agregar Etiqueta
Sin Etiquetas, Sea el primero en etiquetar este registro!

MARC

LEADER 00000nas1a22000001 4500
001 s120589
005 20230606065707.0
041 0 |a eng 
044 |a CA 
245 1 0 |a Canadian journal of agricultural economics 
264 1 |a Ottawa  |b Canadian Agricultural Economics Society